000 00258nam a22001217a 4500
040 _cSY
082 _a352
100 _aNA
245 _aការគ្រប់គ្រងសត្វព្រៃ
260 _aRUA
_bNA
_c2007
300 _a69p.
942 _cKB
999 _c9082
_d9082